000 00714cam a22002411 4500
999 _c5111
_d5111
001 1698783
003 GBCCL
005 20241126110533.0
008 740504s1967 mdu b 000 0 eng
010 _a 67007389
040 _aDLC
_cDLC
_dDLC
050 0 0 _aRC458
_b.H28 1967
082 0 0 _a616.89
_bABN
100 1 _aHamilton, Max,
_cM.D.
_99223
245 0 0 _aAbnormal psychology;
_bselected readings.
_cEdited by Max Hamilton.
260 _a[Baltimore]
_bPenguin Books
_c[1967]
300 _a331 p.
_c18 cm.
490 0 _aPenguin modern psychology, UPS6
504 _aBibliography: p. 319.
650 0 _aPsychology, Pathological.
_9361
906 _a7
_bcbc
_corignew
_du
_eocip
_f19
_gy-gencatlg
942 _2ddc
_cBK